12-13 NHL Starting Goalies Quiz - Statistics

General Stats
  • This quiz has been taken 993 times
  • The average score is 19 of 30
Answer Stats
Team Goalie % Correct
Boston Bruins Tuukka Rask
94%
Montreal Canadiens Carey Price
89%
Los Angeles Kings Jonathan Quick
89%
Chicago Blackhawks Corey Crawford
88%
Pittsburgh Penguins Marc-Andre Fleury
85%
Buffalo Sabres Ryan Miller
84%
New York Rangers Henrik Lundqvist
81%
Nashville Predators Pekka Rinne
81%
New Jersey Devils Martin Brodeur
78%
Carolina Hurricanes Cam Ward
76%
Phoenix Coyotes Mike Smith
75%
Ottawa Senators Craig Anderson
73%
Detroit Red Wings Jimmy Howard
73%
Washington Capitals Braden Holtby
69%
Colorado Avalanche Semyon Varlamov
62%
San Jose Sharks Antti Niemi
61%
Anaheim Ducks Jonas Hiller
61%
St. Louis Blues Jaroslav Halak
57%
Minnesota Wild Niklas Backstrom
56%
Toronto Maple Leafs James Reimer
55%
Columbus Blue Jackets Steve Mason
54%
Dallas Stars Kari Lehtonen
51%
Vancouver Canucks Cory Schneider
49%
Edmonton Oilers Devan Dubnyk
49%
Calgary Flames Miikka Kiprusoff
49%
Philadelphia Flyers Ilya Bryzgalov
46%
Winnipeg Jets Ondrej Pavelec
45%
New York Islanders Evgeni Nabokov
42%
Florida Panthers Jose Theodore
23%
Tampa Bay Lightening Anders Lindback
18%
No matching quizzes found
Score Distribution
Percent of People with Each Score
Percentile by Number Answered
Your Score History
You have not taken this quiz